| 000 | 01634nam2a22003971 4500 | ||
|---|---|---|---|
| 001 | v19\rc\1682065 | ||
| 005 | 20250810042007.0 | ||
| 035 | _a(NLR Aleph) 004787686 | ||
| 090 |
_a4696770 _c4696770 |
||
| 100 | _a20250810 rusy50 | ||
| 101 | 0 | _arus | |
| 102 | _aRU | ||
| 105 | _ay e ||||| | ||
| 200 | 0 |
_aТ. 1 _eА - Д |
|
| 210 | _d1891-1895 | ||
| 215 | _a81 с. разд. паг., 1250 стб. | ||
| 300 | _aТом вошел в 3-х выпусках с датами: 1891-1895 | ||
| 461 | 0 |
_1001v19\rc\1682064 _12001#$aСловарь русского языка, составленный Вторым отделением... Академии наук$fРед. акад. Я.К. Грот]$vТ. 1 _94696765 _cС.-Петербург _d1895 _e[Изд. 5-е] _f[редактор акад. Я.К. Грот] _nтипография Императорской Академии наук _p1 т. (3 вып.) _tСловарь русского языка, составленный Вторым отделением Императорской Академии наук _vТ. 1 |
|
| 801 | 0 |
_aRU _bNLR _gpsbo |
|
| 801 | 0 |
_aRU _bRuMoRGB _2psbo |
|
| 801 | 1 |
_aRU _bProSoft-M _2rusmarc |
|
| 852 |
_aNLR _bМ/ф _jК1/18201 |
||
| 852 |
_aNLR _j186рус/1895 |
||
| 852 |
_aNLR _bКрI _jКр1-3602 |
||
| 899 |
_aRuMoRGB _jЦБС |
||
| 899 |
_aRuMoRGB _jМК |
||
| 899 |
_aRuMoRGB _jA 188/315 |
||
| 899 |
_aRuMoRGB _jM 54/3 |
||
| 899 |
_aRuMoRGB _jРб 1/927 |
||
| 899 |
_aRuMoRGB _jФ 1-56/3205 |
||
| 899 |
_aRuMoRGB _j801-88/8543-5 |
||
| 899 |
_aRuMoRGB _jФ 1-52/2180 |
||
| 899 | _aБАН | ||
| 942 | _cBOOK | ||
| 980 | _aNB | ||